000 00591cam a2200193 4500500
005 20260405002610.0
041 _afre
042 _adc
100 1 0 _aGuillot, Apolline
_eauthor
245 0 0 _aOù passe la frontière entre séduction et agression ?
260 _c2017.
500 _a28
690 _aDroit
690 _aHarcèlement
690 _aHommes-Femmes
690 _aLoi
786 0 _nPhilosophie magazine | 115 | 12-1 | 2017-12-01 | p. 6-6 | 1951-1787
856 4 1 _uhttps://shs.cairn.info/magazine-philosophie-magazine-2017-12-1-page-6?lang=fr&redirect-ssocas=7080
999 _c2059172
_d2059172